000 00760nam a2200229Ia 4500
999 _c36099
_d36099
003 GCL
005 20240530103016.0
008 140319s1990 sd 000 0 ara d
040 _aGCL /
_cGCL
082 0 4 _a962.45/
_bم د
110 1 _aحزب الامة السودانى
245 1 0 _aالديمقراطية فى السودان:
_bعائدة وراجحة /
_cحزب الامة السودانى
260 _aالخرطوم :
_bمركز ابحاث ودراسات الامة ،
_c1990
300 _a182 ص. ؛
_c24 سم
650 0 4 _aالعصر الحديث
650 0 4 _aتاريخ
650 0 4 _aالاحوال السياسية
650 0 4 _aالسودان
650 0 4 _aالديمقراطية
650 0 4 _aعمر البشير
942 _2ddc
_cBK